| 000 -LEADER |
| fixed length control field |
01401cam a2200385 i 4500 |
| 001 - CONTROL NUMBER |
| control field |
(Sirsi) a959087 |
| 003 - CONTROL NUMBER IDENTIFIER |
| control field |
OSt |
| 005 - DATE AND TIME OF LATEST TRANSACTION |
| control field |
20231101101546.0 |
| 008 - FIXED-LENGTH DATA ELEMENTS--GENERAL INFORMATION |
| fixed length control field |
160504s2015 nyua c 000 1 eng d |
| 020 ## - INTERNATIONAL STANDARD BOOK NUMBER |
| International Standard Book Number |
9781481457040 |
| Qualifying information |
(hardcover) : |
| Terms of availability |
$13.99 |
| 040 ## - CATALOGING SOURCE |
| Original cataloging agency |
TOH |
| Language of cataloging |
eng |
| Transcribing agency |
TOH |
| Modifying agency |
YDXCP |
| -- |
BTCTA |
| -- |
WIM |
| -- |
BDX |
| -- |
OCLCO |
| -- |
ZS3 |
| -- |
IHX |
| -- |
ZHB |
| -- |
EHH |
| -- |
ILC |
| -- |
VP@ |
| -- |
OCLCQ |
| -- |
SXP |
| -- |
TAE |
| -- |
KH8 |
| Description conventions |
rda |
| 042 ## - AUTHENTICATION CODE |
| Authentication code |
nbic |
| 082 0# - DEWEY DECIMAL CLASSIFICATION NUMBER |
| Classification number |
FIC RUS |
| 100 1# - MAIN ENTRY--PERSONAL NAME |
| Personal name |
Russell, Rachel Renée, |
| Relator term |
author. |
| 245 10 - TITLE STATEMENT |
| Title |
Tales from a not-so-perfect pet sitter / |
| Statement of responsibility, etc. |
Rachel Renée Russell ; with Nikki Russell and Erin Russell. |
| 250 ## - EDITION STATEMENT |
| Edition statement |
First Aladdin hardcover edition. |
| 260 ## - PUBLICATION, DISTRIBUTION, ETC. |
| Date of publication, distribution, etc. |
2015. |
| 264 #1 - PRODUCTION, PUBLICATION, DISTRIBUTION, MANUFACTURE, AND COPYRIGHT NOTICE |
| Place of production, publication, distribution, manufacture |
New York : |
| Name of producer, publisher, distributor, manufacturer |
Aladdin, |
| Date of production, publication, distribution, manufacture, or copyright notice |
2015. |
| 300 ## - PHYSICAL DESCRIPTION |
| Extent |
291 pages : |
| Other physical details |
illustrations ; |
| Dimensions |
21 cm. |
| 336 ## - CONTENT TYPE |
| Content type term |
text |
| Content type code |
txt |
| Source |
rdacontent. |
| 337 ## - MEDIA TYPE |
| Media type term |
unmediated |
| Media type code |
n |
| Source |
rdamedia. |
| 338 ## - CARRIER TYPE |
| Carrier type term |
volume |
| Carrier type code |
nc |
| Source |
rdacarrier. |
| 490 1# - SERIES STATEMENT |
| Series statement |
Dork diaries ; |
| Volume/sequential designation |
10. |
| 520 ## - SUMMARY, ETC. |
| Summary, etc. |
Nikki tries to be a pet sitter, but realizes it's harder work than she thought. |
| 521 1# - TARGET AUDIENCE NOTE |
| Target audience note |
Ages 8-12. |
| 650 #0 - SUBJECT ADDED ENTRY--TOPICAL TERM |
| Topical term or geographic name entry element |
Pet sitting |
| Form subdivision |
Juvenile fiction. |
| 650 #0 - SUBJECT ADDED ENTRY--TOPICAL TERM |
| Topical term or geographic name entry element |
Pets |
| Form subdivision |
Juvenile fiction. |
| 650 #0 - SUBJECT ADDED ENTRY--TOPICAL TERM |
| Topical term or geographic name entry element |
Middle schools |
| Form subdivision |
Juvenile fiction. |
| 650 #0 - SUBJECT ADDED ENTRY--TOPICAL TERM |
| Topical term or geographic name entry element |
Schools |
| Form subdivision |
Juvenile fiction. |
| 650 #0 - SUBJECT ADDED ENTRY--TOPICAL TERM |
| Topical term or geographic name entry element |
Diaries |
| Form subdivision |
Juvenile fiction. |
| 700 1# - ADDED ENTRY--PERSONAL NAME |
| Personal name |
Russell, Nikki, |
| Relator term |
author. |
| 700 1# - ADDED ENTRY--PERSONAL NAME |
| Personal name |
Russell, Erin, |
| Relator term |
author. |
| 800 1# - SERIES ADDED ENTRY--PERSONAL NAME |
| Personal name |
Russell, Rachel Renée. |
| Title of a work |
Dork diaries ; |
| Volume/sequential designation |
10. |
| 942 ## - ADDED ENTRY ELEMENTS (KOHA) |
| Source of classification or shelving scheme |
|
| Koha item type |
Books - Fiction |